000 02097cam a2200349 i 4500
003 SA-RiAUC
005 20250114055426.0
008 250109s1959 ua g 000 0 ara c
040 _aKW-ShULA
_bara
_cSA-RiAUC
_erda
082 0 4 _a258.3
090 _a258.3
_bم ا ل
100 1 _aالمالكي، محمد علي بن حسين بن إبراهيم،
_d1287-1367 هجري
_eمؤلف.
245 1 0 _aإنارة الدجى على تنوير الحجا نظم سفينة النجا لأحمد بن صديق الأسمى الفاسرواني /
_cمحمد علي بن حسين المالكي.
250 _aالطبعة الثانية.
264 1 _aالقاهرة :
_bشركة مكتبة مصطفى البابي الحلبي،
_c1959
300 _a262 صفحة ؛
_c24 سم
336 _aنص
_btxt
_2rdacontent
_3كتاب
337 _aبدون وسيط
_bn
_2rdamedia
338 _aمجلد
_bnc
_2rdacarrier
501 _aمعه : رسالة بلوغ الأمنية بفتاوى النوازل العصرية-اللمعة في بيان ما هو الراجح في أول وقت الجمعة / محمد علي بن حسين المالكي.
650 7 _aالفقه الشافعي
_2aucsh
650 7 _aالعبادات (فقه إسلامي)
_2aucsh
650 7 _aالفقه الإسلامي
_xمذاهب
_2aucsh
700 1 2 _aالفاسرواني، أحمد بن صديق الأسمى
_tتنوير الحجا نظم سفينة النجا.
700 1 2 _aالخضري، سالم بن عبد الله بن سمير،
_dتوفي 1855
_tمتن سفينة النجا في أصول الدين والفقه على مذهب الإمام الشافعي.
740 0 2 _aتنوير الحجا نظم سفينة النجا.
740 0 2 _aبلوغ الأمنية بفتاوي النوازل العصرية.
740 2 2 _aاللمعة في بيان ما هو الراجح في أول وقت الجمعة.
740 0 2 _aمتن سفينة النجا في أصول الدين والفقه على مذهب الإمام الشافعي.
942 _2ddc
_cBOOK
_n0
949 _aSA-JeALM
_d250109
_uosman123
_n1
999 _c4715
_d4715